000 00529nmm a2200169Ia 4500
008 251105s9999||||xx |||||||||||||||||und||
020 _a9788416982530
041 _aspa
100 _aNolte, Manfred
245 0 _aLa década perdida: Escritos de un tiempo de crisis (2008-2018)
264 _a[Madrid, España] :
_bUniversidad de Deusto,
_c2018
300 _a630 páginas
490 _aAmarillo - Serie Economía
650 _aEconomics and Business
856 _uhttps://public.digitaliapublishing.com/a/59348
942 _cCF
999 _c78205
_d78205